00590nam a2200169Ia 4500008004100000020001800041041000800059082001600067100004100083245006300124250000600187260003000193300001300223650003500236999001900271952013000290210716s2008 xx 000 0 und d a9780387293172 aeng a519.55 SHUR aShumway, Robert H; Stoffer, David S. aTime series analysis and its applications with R examples. a1 aNew DelhibSpringerc2008 axiii;575 aStatistical Mathematics(519.5) c192607d192607 001040708MCAaAIMITbAIMITeKnowledge Worldg975.00l0o519.55 SHURpMCA12115r2025-07-21 00:00:00v731.25w2021-07-16yBK